000
00210 a2200097 4500
020
_a
9781843224624
041
_a
spa
100
_a
Nicola Baxter and Sam Budds
245
_a
1000 First Words in Spansh
942
_c
K
999
_c
30529
_d
30527